Mœurs des provinces françaises. (Record no. 3688)

MARC details
000 -LEADER
fixed length control field 00539cam a22002051 4500
001 - CONTROL NUMBER
control field af 47006794
003 - CONTROL NUMBER IDENTIFIER
control field DLC
005 - DATE AND TIME OF LATEST TRANSACTION
control field 20260227110839.0
008 - FIXED-LENGTH DATA ELEMENTS--GENERAL INFORMATION
fixed length control field 850930s1943 fr 000 0 fre c
010 ## - LIBRARY OF CONGRESS CONTROL NUMBER
LC control number af 47006794
035 ## - SYSTEM CONTROL NUMBER
System control number (OCoLC)12616877
040 ## - CATALOGING SOURCE
Original cataloging agency Harvard Univ. Libr.
Transcribing agency OCU
Modifying agency DLC
042 ## - AUTHENTICATION CODE
Authentication code premarc
050 00 - LIBRARY OF CONGRESS CALL NUMBER
Classification number GR161
Item number .A8
100 1# - MAIN ENTRY--PERSONAL NAME
Personal name Auclair, Bernard.
245 10 - TITLE STATEMENT
Title Mœurs des provinces françaises.
260 ## - PUBLICATION, DISTRIBUTION, ETC.
Place of publication, distribution, etc. Paris :
Name of publisher, distributor, etc. Les Livres nouveaux,
Date of publication, distribution, etc. [1943]
300 ## - PHYSICAL DESCRIPTION
Extent 222 p. ;
Dimensions 22 cm.
650 #0 - SUBJECT ADDED ENTRY--TOPICAL TERM
Topical term or geographic name entry element Folklore
Geographic subdivision France.

No items available.

Powered by Koha